| Tag |
First Indicator |
Second Indicator |
Subfields |
| LEADER |
00000cam a2200000Ki 4500 |
| 001 |
in00003500713 |
| 006 |
m o d |
| 007 |
cr bn||||||abp |
| 007 |
cr bn||||||ada |
| 008 |
100628s1977 enka ob 001 0 eng d |
| 005 |
20260421163101.3 |
| 019 |
|
|
|a 607884970
|
| 020 |
|
|
|a 9781489932204 (electronic bk.)
|
| 020 |
|
|
|a 1489932208 (electronic bk.)
|
| 020 |
|
|
|z 0412150905
|
| 020 |
|
|
|z 9780412150906
|
| 035 |
|
|
|a (OCoLC)644267163
|z (OCoLC)607884970
|
| 040 |
|
|
|a OCLCE
|b eng
|e pn
|c OCLCE
|d OCLCQ
|d OCLCF
|d GW5XE
|d UtOrBLW
|
| 042 |
|
|
|a dlr
|
| 049 |
|
|
|a TXAM
|
| 050 |
|
4 |
|a RC932
|
| 050 |
|
4 |
|a RD549
|b .G73
|
| 082 |
0 |
4 |
|a 617/.58
|2 18
|
| 084 |
|
|
|a GR 207
|2 blsrissc
|
| 084 |
|
|
|a GU 625
|2 blsrissc
|
| 100 |
1 |
|
|a Grech, Paul.
|
| 245 |
1 |
0 |
|a Hip arthrography /
|c Paul Grech.
|
| 264 |
|
1 |
|a London :
|b Chapman & Hall,
|c 1977.
|
| 300 |
|
|
|a 1 online resource (xii, 106 pages) :
|b illustrations
|
| 336 |
|
|
|a text
|b txt
|2 rdacontent
|
| 337 |
|
|
|a computer
|b c
|2 rdamedia
|
| 338 |
|
|
|a online resource
|b cr
|2 rdacarrier
|
| 504 |
|
|
|a Includes bibliographical references and index.
|
| 538 |
|
|
|a Master and use copy. Digital master created according to Benchmark for Faithful Digital Reproductions of Monographs and Serials, Version 1. Digital Library Federation, December 2002.
|u http://purl.oclc.org/DLF/benchrepro0212
|5 MiAaHDL
|
| 583 |
1 |
|
|a digitized
|c 2010
|h HathiTrust Digital Library
|l committed to preserve
|2 pda
|5 MiAaHDL
|
| 588 |
|
|
|a Description based on print version record.
|
| 500 |
|
|
|a Electronic resource.
|
| 650 |
|
0 |
|a Hip joint
|x Radiography.
|
| 650 |
|
7 |
|a Hip joint
|x Radiography.
|2 fast
|0 (OCoLC)fst00957230
|
| 653 |
|
|
|a Man
|a Hips
|a Diagnosis
|a Arthrography
|
| 655 |
|
7 |
|a Electronic books.
|2 local
|
| 710 |
2 |
|
|a SpringerLink (Online service)
|
| 776 |
1 |
8 |
|i Print version:
|a Grech, Paul.
|t Hip arthrography.
|d London : Chapman & Hall, 1977
|w (OCoLC)3760783
|
| 856 |
4 |
0 |
|u http://proxy.library.tamu.edu/login?url=https://link.springer.com/10.1007/978-1-4899-3220-4
|z Connect to the full text of this electronic book
|t 0
|
| 994 |
|
|
|a 92
|b TXA
|
| 999 |
|
|
|a MARS
|
| 999 |
f |
f |
|s 320b4e69-1e2e-3033-840d-7c61d391bce1
|i 01769350-f146-344c-8521-4478db43e570
|t 0
|
| 952 |
f |
f |
|a Texas A&M University
|b College Station
|c Electronic Resources
|s www_evans
|d Available Online
|t 0
|e RD549 .G73
|h Library of Congress classification
|
| 998 |
f |
f |
|a RD549 .G73
|t 0
|l Available Online
|